Największe skocznie narciarskie według miejscowości - Statystyki

Ogólne statystyki
  • Ten quiz został rozwiązany 265 razy
    48 od ostatniego zresetowania
  • Średni wynik to 7 z 10
Statystyki odpowiedzi
Miejsce Punkt HS m Rekord m Miejscowość Nazwa % Poprawnych
1. 240 253,5 Vikersund Vikersundbakken
95%
2. 240 252 Planica Letalnica bratov Gorišek
93%
6. 142 153,5 Ruka Rukatunturi
86%
4. 235 242,5 Oberstdorf Heini-Klopfer-Schanze
79%
5. 147 155,5 Willingen Mühlenkopfschanze
79%
3. 235 244 Bad Mitterndorf | Tauplitz Kulm-Skiflugschanze
71%
10. 142 145 Garmisch-Partenkirchen Große Olympiaschanze
64%
8. 142 149 Whistler Whistler Olympic Park Ski Jumps
52%
9. 142 148 Bischofshofen Paul-Außerleitner-Schanze
50%
7. 142 150 Titisee-Neustadt Hochfirstschanze
38%
Nie znaleziono quizów pasujących do podanych kryteriów
Rozkład punktacji
Procent ludzi z każdym wynikiem
Percentyl według liczby udzielonych odpowiedzi
Twoja historia wyników
Nie rozwiązałeś tego quizu od ostatniego zresetowania